000 00380nam a2200169Ia 4500
003 0STCL
008 150530s9999 xx 000 0 und d
040 _aSTCL
_cSTCL
100 _aRaman Nambiar, K.
245 _aGoda Varma
260 _bBharatha Vilasam; Trichur
_c1947
300 _a0
546 _aMalayalam
942 _2ddc
_cBK
999 _c74283
_d74283
005 20220125171546.0